000 01486cab a2200241 4500
001 ABS67407
008 040205n2004 000 0 eng u
035 _a(Sirsi) u125042
100 _aHowe, G.
245 _aBe very prepared
260 _c2004
490 _aPremises and Facilities Management
_v January 2004 27-28(2)
520 _aArgues the importance of Business Continuity (BC) planning and its relevance to many organisations. Illustrates this with figures from the Business Continuity Institute that show 26% of companies were affected by the loss of key people, 24% suffered a loss of IT capacity and 17% suffered negative publicity as a result of a continuity issue. Although terrorism is cited by 34% of organisations as a reason for BC only 2% of incidents are as a direct result of terrorist attack. Awareness of business continuity appears to be low and this is partially caused by the fragmented nature of the BC market that have led to the creation of many different associations with no cohesive message. Also there is no BC standard to which organisations have to comply so there is little confidence amongst organisations that plans are being regularly updated.
590 _aABS
650 _aBUSINESS CONTINUITY
650 _aMANAGEMENT-BUSINESS MANAGEMENT
650 _aBUSINESS CONTINUITY MANAGEMENT
650 _aDISASTER PLANNING
650 _aRISK ASSESSMENT
650 _aIT SYSTEMS
690 _aMANAGEMENT-BUSINESS MANAGEMENT
942 _n0
999 _c74117
_d74117